000 01124nam0a2200325 4500
001 RU\NLR\BIBL_A\011622172
005 20260408082258.0
010 _a9785906867827
021 _aRU
_b2017-102663
_97410
035 _a(RuMoRGB)009505147
035 _a(NLR Aleph) 011622172
090 _a10989259
_c10989258
100 _a20180205d2017 k y0rusy50 ca
101 0 _arus
102 _aRU
105 _a |||zzzz000zy
200 1 _aПсихологический аспект истории
_fВнутренний Предиктор СССР
210 _aМосква
_cКонцептуал
_d2017
215 _a220 с.
_cил.
_d22
333 _a16+
606 _aКультурно-историческая психология
_92195829
_3RU\NLR\AUTH\6601555097
686 _aЮ951.0,0
_2rubbk
686 _aС508,0
_2rubbk
686 1 _aС581
712 0 2 _4570
_a"Внутренний предиктор СССР", общественная инициативная группа
_9780397
_3RU\NLR\AUTH\8810142889
942 _cBOOK
980 _aNBR